[Event "ch-Moscow 2013"]
[Site "Moscow RUS"]
[Date "2013.03.24"]
[Round "3.12"]
[White "Geivondian,Arman"]
[Black "Antipov,M2"]
[Result "1-0"]
[WhiteElo "2222"]
[BlackElo "2473"]

1.d4 Nf6 2.Nf3 e6 3.c4 b6 4.a3 Bb7 5.Nc3 d5 6.cxd5 Nxd5 7.Qc2 Nd7 8.e4 Nxc3
9.bxc3 c5 10.Bd3 cxd4 11.cxd4 Rc8 12.Qe2 Be7 13.Bf4 O-O 14.O-O Rc3 15.Rfc1 Rxc1+
16.Rxc1 Ba8 17.a4 Nf6 18.h3 Ne8 19.Bb1 Nd6 20.h4 Qd7 21.Ng5 h6 22.Nf3 Rc8
23.Rxc8+ Qxc8 24.d5 exd5 25.exd5 Bf8 26.Qd3 g6 27.Ne5 Qf5 28.Qxf5 Nxf5 29.Bxf5 gxf5
30.Nc6 a6 31.Kf1 Bg7 32.Ke2 Kf8 33.Kd3 b5 34.a5 Ke8 35.g3 h5 36.Be3 Bb7 37.Bc5 Kd7
38.Ne7 Bf8 39.d6 Be4+ 40.Ke3 Bh6+ 41.Kd4 Bg7+ 42.Ke3 Bh6+ 43.Ke2 f4 44.f3 Bg6
45.g4 Bf8 46.gxh5 Bb1 47.Nd5 Bxd6 48.Bxd6 Kxd6 49.Nb4 Kc5 50.Nxa6+ Kc4 51.h6 Bh7
52.Kd2 Bf5 53.h5 Bh7 54.Nb4  1-0

[Event "17th Neckar Open"]
[Site "Deizisau GER"]
[Date "2013.03.30"]
[Round "4.13"]
[White "Istratescu,A"]
[Black "Thinius,M"]
[Result "1-0"]
[WhiteElo "2651"]
[BlackElo "2354"]

1.d4 Nf6 2.c4 e6 3.Nf3 b6 4.a3 Bb7 5.Nc3 d5 6.cxd5 Nxd5 7.Qc2 Nxc3 8.bxc3 Be7
9.e4 O-O 10.Bd3 c5 11.O-O Qc7 12.Qe2 Nd7 13.Bb2 Rac8 14.Rad1 Rfd8 15.Nd2 Nf6
16.f4 b5 17.e5 Nd5 18.f5 Bg5 19.fxe6 fxe6 20.Ne4 Be3+ 21.Kh1 c4 22.Bb1 g6
23.Qg4 Qe7 24.Nd6 Rxd6 25.exd6 Qd7 26.Rde1 Kg7 27.Rf3 Rf8 28.Rxf8 Kxf8 29.Qf3+ Qf7
30.d7 Bg5 31.Rxe6 Qxf3 32.Re8+  1-0

[Event "TCh-CRO II Liga 2013"]
[Site "Split CRO"]
[Date "2013.04.06"]
[Round "2.2"]
[White "Ribicic,M"]
[Black "Brulic,D"]
[Result "1/2-1/2"]
[WhiteElo "2203"]
[BlackElo "2295"]

1.d4 Nf6 2.c4 e6 3.Nf3 b6 4.a3 Ba6 5.Qc2 c5 6.d5 exd5 7.cxd5 Be7 8.Nc3 O-O
9.g4 d6 10.g5 Nfd7 11.Bf4 b5 12.b4 Bb7 13.Bg2 Na6 14.Nxb5 Nb6 15.bxc5 Nxc5
16.e4 Nxd5 17.exd5 Qa5+ 18.Nc3 Ba6 19.Bf1 Rfe8 20.Bxa6 Bf6+ 21.Be5 Bxe5 22.O-O Bxc3
23.Rac1 Qxa6 24.Qxc3 Re4 25.Rce1 Rae8 26.Rxe4 Rxe4 27.Re1 Qa4 28.Rxe4 Qxe4
29.Qb4 Qxb4 30.axb4 Nd3 31.b5 Nf4 32.Nd4 Nxd5 33.Nc6 Kf8 34.Kg2 Ke8 35.Nxa7 Kd7
36.Nc6 Nc7 37.Nd4 Ne6 38.Nf5 g6 39.Nh6 Nxg5 40.h4 Ne6 41.Nxf7 d5 42.Kg3 Nd4
43.Ng5 Nxb5 44.Nxh7 Ke6 45.Kf4 Nd6 46.Nf8+ Kf6 47.Nxg6 Kxg6 48.Ke5  1/2-1/2

[Event "23rd ch-SLO 2013"]
[Site "Sentjur SLO"]
[Date "2013.04.14"]
[Round "9.11"]
[White "Solmajer,L"]
[Black "Titan,M"]
[Result "1/2-1/2"]
[WhiteElo "2047"]
[BlackElo "2166"]

1.d4 Nf6 2.c4 e6 3.Nf3 b6 4.a3 Ba6 5.Qa4 Bb7 6.Nc3 c5 7.dxc5 bxc5 8.Bf4 Be7
9.e3 O-O 10.Be2 d6 11.Rd1 Qb6 12.Qb5 Rd8 13.O-O Bc6 14.Qxb6 axb6 15.Nd2 Na6
16.h3 Nc7 17.Bf3 Bxf3 18.Nxf3 b5 19.cxb5 Ncd5 20.Nxd5 Nxd5 21.Bg3 Nc7 22.b6 Nd5
23.b7 Rab8 24.e4 Nb6 25.b4 Rxb7 26.bxc5 dxc5 27.Rxd8+ Bxd8 28.Rd1 Be7 29.Rb1 c4  1/2-1/2

[Event "Zonal 2.4 Absoluto 2013"]
[Site "Manaus BRA"]
[Date "2013.04.27"]
[Round "1.11"]
[White "Quintiliano Pinto,R"]
[Black "Minelli,Fausto"]
[Result "1-0"]
[WhiteElo "2315"]
[BlackElo "1940"]

1.d4 Nf6 2.c4 e6 3.Nf3 b6 4.a3 h6 5.Nc3 Bb7 6.Qc2 d5 7.cxd5 exd5 8.Bf4 a6
9.e3 Bd6 10.Bxd6 Qxd6 11.Bd3 O-O 12.O-O Nbd7 13.Rac1 Rfe8 14.b4 Rac8 15.Bf5 Rcd8
16.Ne2 c6 17.Nf4 Re7 18.Nd3 Nf8 19.a4 g6 20.Bh3 Ne4 21.a5 b5 22.Nc5 Nxc5
23.Qxc5 Qxc5 24.Rxc5 f6 25.Rc3 Rd6 26.Nd2 h5 27.Nb3 f5 28.Nc5 Bc8 29.Rfc1 Nd7
30.Nd3 Bb7 31.g3 Kg7 32.Bg2 Nf6 33.Ne5 Ree6 34.h4 Nd7 35.Nd3 Re7 36.Kf1 Kh6
37.Ke2 Nf6 38.Ne5 Rc7 39.f3 Kg7 40.Nd3 Re7 41.Kd2 Nd7 42.Re1 Nf6 43.Nc5 Bc8
44.Kd3 Nd7 45.Nb3 Bb7 46.Rcc1 Nf6 47.Nc5 Bc8 48.Kd2 Nd7 49.Nb3 Nf6 50.Rc3 Bb7
51.Kd3 Nd7 52.e4 fxe4+ 53.fxe4 dxe4+ 54.Rxe4 Rxe4 55.Bxe4 Ne5+ 56.Ke2 Nc4
57.Bd3 Re6+ 58.Kf2 Rf6+ 59.Kg1 Rf3 60.Nc5 Bc8 61.Kg2 Bg4 62.Ne6+ Kf6 63.Ng5 Ne3+
64.Kh2 Rf2+ 65.Kg1 Rg2+ 66.Kh1 Rxg3 67.Ne4+  1-0

[Event "Maharashtra Chess League 2013"]
[Site "Pune IND"]
[Date "2013.04.27"]
[Round "7"]
[White "Swapnil,SD"]
[Black "Vidit,S"]
[Result "0-1"]
[WhiteElo "2475"]
[BlackElo "2549"]

1.d4 Nf6 2.c4 e6 3.Nf3 b6 4.a3 Ba6 5.e3 d5 6.b3 c5 7.Bb2 cxd4 8.exd4 g6 9.Bd3 Bg7
10.O-O O-O 11.Ne5 Nbd7 12.f4 Rc8 13.Nd2 Bb7 14.Qe2 Nh5 15.g3 Bh6 16.Ndf3 Ndf6
17.a4 Ne4 18.a5 bxa5 19.c5 f6 20.Ng4 Bg7 21.Qe1 Qd7 22.Nf2 e5 23.dxe5 Nxc5
24.exf6 Nxf6 25.Ne5 Qd6 26.Qxa5 Nxb3 27.Qa3 Nc5 28.Bd4 Nfd7 29.Rac1 Rfe8
30.Bb5 Re6 31.Rfd1 Bf8 32.Nfg4 Nxe5 33.Bxe5 Qb6 34.Nf6+ Rxf6 35.Bxf6 Nd3+
36.Kg2 Bxa3  0-1

[Event "TCh-SUI 2013"]
[Site "Switzerland SUI"]
[Date "2013.04.28"]
[Round "2.6"]
[White "Schiendorfer,F"]
[Black "Georgiadis,I"]
[Result "0-1"]
[WhiteElo "2180"]
[BlackElo "2449"]

1.Nf3 Nf6 2.c4 e6 3.d4 b6 4.a3 Bb7 5.Nc3 g6 6.Bg5 Bg7 7.e3 d6 8.h3 Nbd7 9.Be2 O-O
10.O-O Qe7 11.Rc1 h6 12.Bh4 Rad8 13.b4 g5 14.Bg3 Ne4 15.Nxe4 Bxe4 16.Bd3 Bb7
17.Re1 f5 18.e4 f4 19.Bh2 h5 20.Nd2 Bxd4 21.Qxh5 Ne5 22.Qe2 g4 23.Nb3 Bxf2+
24.Kxf2 g3+ 25.Bxg3 fxg3+ 26.Kxg3 Qg5+ 27.Kh2 Qf4+ 28.Kh1 Qg3 29.Red1 Rf2  0-1

[Event "25th ch-ALG 2013"]
[Site "Algiers ALG"]
[Date "2013.05.01"]
[Round "6.2"]
[White "Gourari,Moustafa"]
[Black "Talbi,Chafik"]
[Result "0-1"]
[WhiteElo "2059"]
[BlackElo "2173"]

1.d4 Nf6 2.c4 e6 3.Nf3 b6 4.a3 Ba6 5.Qc2 Bb7 6.Nc3 c5 7.dxc5 bxc5 8.e3 Be7
9.Be2 O-O 10.O-O a6 11.Rd1 Qc7 12.b3 d6 13.Bb2 Nbd7 14.e4 Rfd8 15.Nd2 Ne5
16.f4 Nc6 17.Nf3 Nd4 18.Nxd4 cxd4 19.Rxd4 d5 20.Kh1 Bc5 21.Nxd5 exd5 22.cxd5 Qb6
23.Rc4 Be3 24.Rb4 Qa7 25.Bxf6 gxf6 26.Qc7 Rab8 27.Bh5 Rf8 28.Qc3 Kg7 29.Rf1 Rfc8
30.Qe1 a5 31.Rb5 Rc1 32.Qg3+ Kf8 33.Rxc1 Bxc1 34.e5 fxe5 35.fxe5 Bc8 36.Qc3 Bxa3
37.Rxa5 Qf2 38.h3 Qf1+ 39.Kh2 Qf4+ 40.Kg1 Qc1+ 41.Qxc1 Bxc1 42.Kf1 Bf5 43.Ra7 Bg6
44.Bxg6 hxg6 45.e6 fxe6 46.dxe6 Rxb3 47.Rf7+ Ke8 48.h4 Bb2 49.Rf2 Ke7 50.Re2 Bf6
51.Re4 Rb8 52.Ke2 Rb6 53.Kf3 Rxe6 54.Rxe6+ Kxe6 55.g3 Bd8 56.Kf4 Be7 57.Ke4 Kf7
58.Ke5 Kg7 59.Ke6 Bf6 60.h5 g5 61.Kf5 Kf7 62.h6 Be7 63.g4 Bd8  0-1

[Event "Zonal 2.4 Absoluto 2013"]
[Site "Manaus BRA"]
[Date "2013.05.01"]
[Round "6.20"]
[White "Caetano,Hugo Zanotti Mendonca"]
[Black "Souza Santos,Carlos Roberto"]
[Result "0-1"]
[WhiteElo "2150"]
[BlackElo "1977"]

1.d4 Nf6 2.c4 e6 3.Nf3 b6 4.a3 Bb7 5.Nc3 Ne4 6.Qc2 f5 7.g3 Be7 8.Bg2 Nxc3
9.Qxc3 O-O 10.h4 Bf6 11.Bg5 d6 12.O-O Nd7 13.Rfd1 Qe7 14.Qd2 h6 15.Bxf6 Nxf6
16.Ne5 Bxg2 17.Ng6 Qf7 18.Nxf8 Bb7 19.Nxe6 Qxe6 20.d5 Qd7 21.f3 Rf8 22.Kh2 Bc8
23.f4 Re8 24.Rac1 Ne4 25.Qe1 Qe7 26.Rc2 Nf6 27.Rd3 Ng4+ 28.Kh3 Qe4 29.Rdc3 Ne3
30.Rxe3 Qxe3 31.Rc3 Qxe2 32.Qxe2 Rxe2 33.b4 Kf7 34.c5 Bb7 35.cxd6 cxd6 36.g4 fxg4+
37.Kxg4 Re7 38.Rd3 Kf6 39.h5 Bc8+ 40.Kg3 Kf5 41.Rc3 Ba6 42.a4 Be2 43.Rc6 Rd7
44.Rc8 Bxh5  0-1

[Event "Zonal 2.4 Absoluto 2013"]
[Site "Manaus BRA"]
[Date "2013.05.03"]
[Round "9.13"]
[White "Pinto,C"]
[Black "Miranda,Rob"]
[Result "0-1"]
[WhiteElo "2119"]
[BlackElo "2200"]

1.d4 Nf6 2.c4 e6 3.Nf3 b6 4.a3 Bb7 5.Nc3 Be7 6.Qc2 d5 7.cxd5 exd5 8.Bf4 a6
9.h3 Nbd7 10.e3 O-O 11.Be2 Re8 12.O-O Rc8 13.b4 Ne4 14.Nxe4 dxe4 15.Nd2 Nf6
16.Rac1 Bd6 17.Bxd6 cxd6 18.Qb2 Qd7 19.Nc4 Qd8 20.a4 d5 21.Ne5 Qd6 22.b5 axb5
23.Bxb5 Rxc1 24.Rxc1 Rc8 25.Rxc8+ Bxc8 26.Bc6 Qc7 27.Qb5 Be6 28.Qa6 g6 29.Qb5 Kg7
30.g4 h6 31.Kg2 Qd8 32.Qb4 Ng8 33.Bb5 Qc7 34.Nc6 Bd7 35.Ne7 Bxg4 36.Nxd5 Bf3+
37.Kg1 Qc1+ 38.Bf1 Be2 39.Kh2 Qxf1 40.Kg3 Qg1+ 41.Kf4 Qxf2+ 42.Ke5 Qf5+  0-1

[Event "Victory Day Open 2013"]
[Site "Moscow RUS"]
[Date "2013.05.10"]
[Round "4.8"]
[White "Geivondian,Arman"]
[Black "Eryshkanova,A"]
[Result "1-0"]
[WhiteElo "2264"]
[BlackElo "2149"]

1.Nf3 Nf6 2.c4 e6 3.d4 b6 4.a3 Bb7 5.Nc3 d5 6.cxd5 exd5 7.g3 c6 8.Bh3 Bd6
9.O-O O-O 10.Nh4 Re8 11.Nf5 Bf8 12.Qc2 Ne4 13.Nxe4 dxe4 14.Bg2 Qd5 15.g4 Qe6
16.Bh3 Kh8 17.Qc3 Ba6 18.g5 Qc4 19.Qxc4 Bxc4 20.Ng3 Bd6 21.Re1 Bd5 22.Nf5 Bf8
23.Ne3 Be6 24.Bg2 Bb3 25.f3 exf3 26.Bxf3 a5 27.Bd2 Ra7 28.Rac1 c5 29.d5 b5
30.Ng4 Bd6 31.e4 Nd7 32.Kg2 b4 33.axb4 axb4 34.Ra1 Rxa1 35.Rxa1 Ne5 36.Bf4 Nxf3
37.Kxf3 Bxf4 38.Kxf4 Bc2 39.e5 Rd8 40.Ne3 Bb3 41.Rc1 Rc8 42.Nc4 Kg8 43.Nb6 Rb8
44.Rxc5 h6 45.d6 hxg5+ 46.Kxg5 f6+ 47.exf6 gxf6+ 48.Kg6 Bf7+ 49.Kh6 Rxb6
50.Rc8+ Be8 51.d7  1-0

[Event "Victory Day Open 2013"]
[Site "Moscow RUS"]
[Date "2013.05.12"]
[Round "6.6"]
[White "Geivondian,Arman"]
[Black "Dogodkina,J"]
[Result "1-0"]
[WhiteElo "2264"]
[BlackElo "2146"]

1.d4 Nf6 2.c4 e6 3.Nf3 b6 4.a3 Bb7 5.Nc3 Ne4 6.Nxe4 Bxe4 7.e3 Be7 8.Bd3 Bg6
9.Bxg6 hxg6 10.e4 d6 11.Be3 Qd7 12.Qe2 Qa4 13.Kf1 Qc6 14.g3 Nd7 15.Kg2 Qb7
16.d5 e5 17.b4 f5 18.Bg5 Nf6 19.Nh4 Rxh4 20.Bxh4 Nxe4 21.Bxe7 Kxe7 22.f3 Nf6
23.Rhd1 Rh8 24.Rac1 Qa6 25.Qe3 Nd7 26.Qb3 Rb8 27.h4 Nf6 28.Qe3 Kf8 29.Rd2 Qa4
30.c5 f4 31.gxf4 exf4 32.Qd3 bxc5 33.bxc5 Rb3 34.Rc3 Rxc3 35.Qxc3 Qb5 36.cxd6 cxd6
37.Qb4 Qxb4 38.axb4 a6 39.Kf2 Ke7 40.Rd4 Kd7 41.Ke2 Kc7 42.Kd3 Kb6 43.Kc4 a5
44.bxa5+ Kxa5 45.Rxf4 Kb6 46.Re4 Nxe4 47.fxe4 Kc7 48.Kd4 Kd7 49.e5 dxe5+
50.Kxe5 Ke7 51.d6+ Kd7 52.Kd5 Kd8 53.Ke6 Ke8 54.d7+ Kd8 55.Kd6  1-0

[Event "e2e4 Sunningdale Open"]
[Site "Ascot ENG"]
[Date "2013.05.25"]
[Round "3"]
[White "Arkell,K"]
[Black "Bird,A"]
[Result "1-0"]
[WhiteElo "2472"]
[BlackElo "2190"]

1.d4 Nf6 2.Nf3 e6 3.c4 b6 4.a3 Bb7 5.Nc3 g6 6.d5 exd5 7.cxd5 c5 8.e4 d6 9.Bd3 Bg7
10.O-O O-O 11.Bf4 Nh5 12.Bg5 Qd7 13.Qd2 Ba6 14.Bxa6 Nxa6 15.Bh6 Bxh6 16.Qxh6 f6
17.Rab1 Rac8 18.Qd2 Nc7 19.b4 Qg4 20.h3 Qf4 21.bxc5 Qxd2 22.Nxd2 dxc5 23.Nc4 Nf4
24.Rfd1 Rcd8 25.a4 Rfe8 26.Rd2 Na6 27.a5 bxa5 28.Rb5 Rb8 29.Rxa5 Rb3 30.Nd6 Rd8
31.Ndb5 Nc7 32.Nxc7 Rxc3 33.Rxa7 Rd7 34.Rda2 Rc1+ 35.Kh2 c4 36.Ne6 Rxa7 37.Rxa7 Nxe6
38.dxe6 Kf8 39.Rxh7 c3 40.Rc7 c2 41.f3 Ke8 42.h4 Kd8 43.Rc6 Ke7 44.Kg3 Ke8
45.Kg4 Ke7 46.e5 fxe5 47.Kg5 e4 48.fxe4 Re1 49.Rxc2 Rxe4 50.Rc7+ Kxe6 51.Rc6+ Kf7
52.Rf6+  1-0

[Event "Icelandic Open Championship 2013"]
[Site "Reykjavik ISL"]
[Date "2013.05.31"]
[Round "1.9"]
[White "Thorfinnsson,Bj"]
[Black "Stefansson,Vignir Vatnar"]
[Result "1-0"]
[WhiteElo "2377"]
[BlackElo "1678"]

1.d4 Nf6 2.c4 e6 3.Nf3 b6 4.a3 Bb7 5.Nc3 Be7 6.Qc2 d5 7.Bf4 O-O 8.cxd5 exd5
9.e3 c5 10.Rd1 Nc6 11.Bd3 cxd4 12.exd4 Bd6 13.Bg5 Re8+ 14.Kf1 h6 15.Bxf6 Qxf6
16.Nxd5 Qe6 17.Ne3 Ne7 18.Bc4 Qf6 19.Ng4 Qf4 20.Nge5 Bxe5 21.Nxe5 Rac8 22.Qb3 Rf8
23.h4 Kh7 24.Qe3 Qxe3 25.fxe3 f6 26.Bd3+ g6 27.Nxg6 Nxg6 28.h5 f5 29.hxg6+ Kxg6
30.Ke2 Kg5 31.Rhf1 Bd5 32.Rc1 Rxc1 33.Rxc1 Rf7 34.Kf2 Rg7 35.g3 Kg4 36.Rc8 Be4
37.Bxe4 fxe4 38.Re8 Kh3 39.Rxe4 Rxg3 40.d5 Rg2+ 41.Kf3 Rg7 42.d6 Rf7+ 43.Rf4 Rd7
44.Rf6 h5 45.e4 h4 46.e5 Kh2 47.Rf8 h3 48.e6  1-0

[Event "XI Rapid Open"]
[Site "Santa Coloma de Queralt ESP"]
[Date "2013.06.02"]
[Round "7.4"]
[White "Gonzalez,RO"]
[Black "Panelo Munoz,M"]
[Result "0-1"]
[WhiteElo "2256"]
[BlackElo "2327"]

1.d4 Nf6 2.c4 e6 3.Nf3 b6 4.a3 Bb7 5.Nc3 d5 6.Bg5 Be7 7.e3 Nbd7 8.Bd3 h6
9.Bh4 O-O 10.O-O c5 11.cxd5 Nxd5 12.Bxe7 Qxe7 13.Rc1 Rac8 14.Nxd5 Bxd5 15.Ba6 Rcd8
16.Re1 cxd4 17.exd4 Bxf3 18.Qxf3 Nf6 19.Rc4 Rd5 20.Rec1 Rfd8 21.Rc7 R5d7
22.Qb7 Nd5 23.Rxd7 Rxd7 24.Qb8+ Kh7 25.Bd3+ f5 26.Rc8 Nf6 27.Rh8+ Kg6 28.Qg3+ Kf7
29.h3 Rxd4 30.Rc8 Nd5 31.Bb5 Qg5 32.Qf3 Re4 33.Bc6 Re1+ 34.Kh2 Qf4+ 35.Qxf4 Nxf4
36.Rc7+ Kf6 37.Rxa7 Re2 38.Kg3 g5 39.Be8 Rxb2 40.Rh7 Rb3+ 41.Kh2 Rxa3 42.Rxh6+ Kg7  0-1

[Event "35th Nezhmetdinov Cup"]
[Site "Kazan RUS"]
[Date "2013.06.04"]
[Round "5.18"]
[White "Shinkevich,V"]
[Black "Zenzera,A"]
[Result "1/2-1/2"]
[WhiteElo "2478"]
[BlackElo "2387"]

1.d4 Nf6 2.c4 e6 3.Nf3 b6 4.a3 Ba6 5.Qb3 d5 6.cxd5 exd5 7.Nc3 c6 8.Bg5 Be7
9.Bxf6 Bxf6 10.e4 Bxf1 11.Rxf1 dxe4 12.Nxe4 O-O 13.O-O-O Nd7 14.Kb1 Rc8 15.Rfe1 Be7
16.d5 Nc5 17.Nxc5 Bxc5 18.dxc6 Qf6 19.Ne5 Rfe8 20.Rd7 Rxc6 21.Rxf7 Qe6 22.Qf3 Bd4
23.Rxa7 Bxe5 24.Rxe5 Qg6+ 25.Rf5 Rc5 26.g4 h5 27.Ra8 hxg4 28.Rxe8+ Qxe8 29.Qb3+ Kh8
30.Rxc5 bxc5 31.Ka2 Qe4 32.a4 c4 33.Qb4 Qc2 34.a5 Kh7 35.a6 c3 36.Qxc3 Qa4+
37.Qa3 Qc4+ 38.Ka1 Qf1+ 39.Ka2 Qc4+ 40.Kb1 Qf1+ 41.Kc2 Qxf2+ 42.Kb3 Qf3+
43.Ka4 Qc6+ 44.Kb4 Qe4+ 45.Kb5 Qe1 46.Kb6 Qe6+ 47.Kc7 Qe5+ 48.Kd7 Qd4+ 49.Qd6 Qxb2
50.Kc7 Qc2+ 51.Kb8 Qb2+ 52.Ka7  1/2-1/2

[Event "2nd Server24 Open"]
[Site "Ortisei ITA"]
[Date "2013.06.04"]
[Round "4.19"]
[White "Zucchelli,M"]
[Black "Reinkoester,Michael"]
[Result "1-0"]
[WhiteElo "2186"]
[BlackElo "2035"]

1.d4 Nf6 2.c4 e6 3.Nf3 b6 4.a3 Bb7 5.Nc3 Be7 6.d5 O-O 7.e4 d6 8.Bd3 Nbd7
9.O-O exd5 10.exd5 Ne5 11.Nxe5 dxe5 12.Re1 Nd7 13.Bf5 Bf6 14.Ne4 Qe7 15.Bxd7 Qxd7
16.Nxf6+ gxf6 17.Bh6 Rfe8 18.Qf3  1-0

[Event "35th Nezhmetdinov Cup"]
[Site "Kazan RUS"]
[Date "2013.06.06"]
[Round "7.15"]
[White "Shinkevich,V"]
[Black "Gerasimov,I"]
[Result "1/2-1/2"]
[WhiteElo "2478"]
[BlackElo "2336"]

1.d4 Nf6 2.Nf3 e6 3.c4 b6 4.a3 Bb7 5.Nc3 d5 6.cxd5 Nxd5 7.Bd2 Nf6 8.Bg5 Be7
9.Qc2 Nbd7 10.Rd1 O-O 11.e4 h6 12.Bf4 Qc8 13.Be2 c6 14.g4 c5 15.d5 exd5 16.exd5 Re8
17.h3 Nf8 18.O-O Ng6 19.Bg3 Rd8 20.Bd3 Nxd5 21.Bf5 Qc6 22.Be4 Qe6 23.Rd2 Nxc3
24.Bxb7 Rxd2 25.Qxc3 Rdd8 26.Re1 Qf6 27.Ne5 Rab8 28.Bg2 Bd6 29.Nc6 Qxc3 30.bxc3 Bxg3
31.Nxd8 Bxf2+ 32.Kxf2 Rxd8 33.a4 Rd2+ 34.Kg1 f6 35.Re8+ Kf7 36.Ra8 Rd7 37.Bc6 Rd1+
38.Kf2 Ne5 39.Rxa7+ Ke6 40.Be4 Rd2+ 41.Kg3 Re2 42.Bf5+ Kd6 43.Rxg7 Re3+ 44.Kh4 Rxc3
45.Rb7 Nf3+ 46.Kh5 Nd4 47.Rxb6+ Ke5 48.h4 Nxf5 49.gxf5 Kxf5 50.a5 Ke5 51.Kxh6 Ra3
52.Kg6 Rg3+ 53.Kf7 Rh3 54.a6 Rxh4 55.Rb5 Rh7+ 56.Kg6 Rc7 57.a7 Rxa7 58.Rxc5+ Kd4
59.Rf5 Ra6 60.Rxf6 Rxf6+ 61.Kxf6  1/2-1/2

[Event "FIDE World Blitz 2013"]
[Site "Khanty-Mansiysk RUS"]
[Date "2013.06.09"]
[Round "7.16"]
[White "Riazantsev,A"]
[Black "Andreikin,D"]
[Result "1/2-1/2"]
[WhiteElo "2708"]
[BlackElo "2713"]

1.d4 Nf6 2.c4 e6 3.Nf3 b6 4.a3 Bb7 5.Nc3 d5 6.cxd5 exd5 7.Bf4 a6 8.e3 Be7
9.Bd3 O-O 10.O-O Nbd7 11.b4 c5 12.bxc5 bxc5 13.Rb1 Bc6 14.dxc5 Nxc5 15.Nd4 Bd7
16.Bg5 h6 17.Bh4 Rc8 18.Nce2 Nfe4 19.Bxe7 Qxe7 20.Bxe4 dxe4 21.Nf4 Qe5 22.Qd2 g5
23.Nh5 Bg4 24.Ng3 Rfd8 25.h3 Be6 26.Rfc1 Nd3 27.Rxc8 Rxc8 28.Nge2 Qf6 29.Nc1 Bc4
30.Nxd3 Bxd3 31.Rc1 Rb8 32.Qc3 Kh7 33.Qa5 Rb2 34.Qf5+ Qxf5 35.Nxf5 Rb3 36.Rc7 Kg6
37.g4 Rb1+ 38.Kh2 Be2 39.Rc6+ Kh7 40.Rxh6+ Kg8 41.Rc6 Bf3 42.Nd4 Rh1+ 43.Kg3 Rg1+
44.Kh2 Rg2+ 45.Kh1 Rxf2+ 46.Nxf3 Rxf3 47.Kg2 Rxe3 48.Rxa6 Kg7 49.a4  1/2-1/2

[Event "FIDE World Blitz 2013"]
[Site "Khanty-Mansiysk RUS"]
[Date "2013.06.09"]
[Round "15.18"]
[White "Riazantsev,A"]
[Black "Khismatullin,D"]
[Result "1-0"]
[WhiteElo "2708"]
[BlackElo "2658"]

1.d4 Nf6 2.c4 e6 3.Nf3 b6 4.a3 Bb7 5.Nc3 d5 6.cxd5 Nxd5 7.e3 Nd7 8.Bd3 Be7
9.e4 Nxc3 10.bxc3 c5 11.O-O O-O 12.Qe2 Qc7 13.Be3 Rac8 14.a4 e5 15.Rac1 Rfe8
16.Rfd1 Bd6 17.Bc4 h6 18.d5 Nf6 19.Nh4 Bf8 20.Nf5 Nxe4 21.d6 Nxd6 22.Rxd6 Bxd6
23.Qg4 Re6 24.Qxg7+  1-0

[Event "FIDE World Blitz 2013"]
[Site "Khanty-Mansiysk RUS"]
[Date "2013.06.10"]
[Round "19.16"]
[White "Riazantsev,A"]
[Black "Sargissian,G"]
[Result "1/2-1/2"]
[WhiteElo "2708"]
[BlackElo "2671"]

1.d4 Nf6 2.c4 e6 3.Nf3 b6 4.a3 Bb7 5.Nc3 d5 6.Bg5 Be7 7.Bxf6 Bxf6 8.cxd5 exd5
9.Qb3 O-O 10.Rd1 c6 11.g3 Nd7 12.Bg2 Re8 13.O-O Nf8 14.Rfe1 Ne6 15.e3 Rc8
16.Rd2 g6 17.h4 Bg7 18.Qa4 a6 19.Qd1 Rc7 20.Qb3 Rce7 21.Red1 a5 22.Na4 b5
23.Nc3 a4 24.Qc2 Nc7 25.Ne2 Na8 26.Nf4 Nb6 27.Nd3 Nc4 28.Re2 Bc8 29.Nb4 Qd6
30.Ree1 Bf5 31.Qc1 Bg4 32.Rd3 Bf5 33.Rdd1 Bg4 34.Rd3 Bf5 35.Rdd1 Be4 36.Nd2 Bxg2
37.Kxg2 Bh6 38.Nxc4 dxc4 39.Qc2 Bg7 40.Qe2 Qf6 41.Rd2 Bf8 42.Red1 Rd7 43.Na2 Be7
44.Nc3 Bd8 45.d5 Ba5 46.dxc6 Rxd2 47.Rxd2 Qxc6+ 48.Qf3 Qxf3+ 49.Kxf3 b4 50.axb4 Bxb4
51.Rc2 Bxc3 52.Rxc3 Rb8 53.Rxc4 Rxb2 54.Rxa4 h5 55.e4 Rb3+ 56.Kf4 Kg7 57.Ra6 Rb2
58.f3 Rb4 59.g4 hxg4 60.fxg4 Rb1 61.e5 Rb4+ 62.Kf3 Rb3+ 63.Kf4 Rb4+ 64.Kf3 Rb3+
65.Ke4 Rb4+ 66.Kd5 Rxg4 67.Ra7 Kg8 68.Ra8+ Kg7 69.Ra7 Kg8 70.Ra8+  1/2-1/2

[Event "2nd Grand Europe Open 2013"]
[Site "Golden Sands BUL"]
[Date "2013.06.14"]
[Round "5.3"]
[White "Abasov,N"]
[Black "Mareco,S"]
[Result "1/2-1/2"]
[WhiteElo "2492"]
[BlackElo "2557"]

1.d4 Nf6 2.c4 e6 3.Nf3 b6 4.a3 Bb7 5.Nc3 d5 6.cxd5 Nxd5 7.Qc2 Nxc3 8.bxc3 c5
9.e4 Nc6 10.Be3 Rc8 11.Qb2 cxd4 12.cxd4 Be7 13.Bd3 O-O 14.O-O Na5 15.Rfc1 Rxc1+
16.Rxc1 Qa8 17.d5 exd5 18.exd5 Bxd5 19.Qe5 Be6 20.Ng5 Qd5  1/2-1/2

[Event "2nd Grand Europe Open 2013"]
[Site "Golden Sands BUL"]
[Date "2013.06.17"]
[Round "8.44"]
[White "Raeva,E"]
[Black "Stany,G"]
[Result "1/2-1/2"]
[WhiteElo "2258"]
[BlackElo "2384"]

1.d4 Nf6 2.c4 e6 3.Nf3 b6 4.a3 Ba6 5.Qc2 Bb7 6.Nbd2 d5 7.e3 c5 8.cxd5 Bxd5
9.dxc5 Bxc5 10.b4 Be7 11.Bb2 Nbd7 12.Ba6 Rb8 13.O-O O-O 14.Rfd1 b5 15.e4 Ba8
16.Bd4 Rb6 17.Bxb6 Qxb6 18.Bc8 Nb8 19.a4 Bc6 20.axb5 Bxb5 21.Rdc1 Nc6 22.Nc4 Qb8
23.Na3 Rxc8 24.Nxb5 Qxb5 25.Nd4 Nxd4 26.Qxc8+ Bf8 27.Qc4 Qb6 28.Ra6 Qb7 29.f3 h5
30.Rca1 Qxb4 31.Qxb4 Bxb4 32.Rxa7 Bc5 33.Ra8+ Kh7 34.Kf1 Nc2 35.Rc1 Ne3+
36.Ke2 Bd4 37.Kd3 e5 38.g3 h4 39.Rc7 hxg3 40.hxg3 Nh5 41.Rxf7 Nxg3 42.Rc8 Nh5
43.Rcc7 Ng2 44.Rfd7 Ngf4+ 45.Kc4 Ne6 46.Rc8  1/2-1/2

[Event "17th Petr Izmailov"]
[Site "Tomsk RUS"]
[Date "2013.06.17"]
[Round "7.28"]
[White "Erdenieva,Oyuna"]
[Black "Gankin,S"]
[Result "1-0"]
[WhiteElo "1806"]
[BlackElo "2260"]

1.d4 e6 2.c4 b6 3.Nf3 Nf6 4.a3 d5 5.e3 Bd6 6.Nc3 O-O 7.Bd3 Bb7 8.O-O Nbd7
9.b4 c5 10.bxc5 bxc5 11.cxd5 Nxd5 12.Ne4 Be7 13.Nxc5 Nxc5 14.dxc5 Rc8 15.Qb3 Ba8
16.Bb2 Rxc5 17.Rac1 Qb6 18.Qxb6 axb6 19.Rxc5 Bxc5 20.Nd4 Rd8 21.Rd1 Bb7 22.Nc2 Ra8
23.Bb5 Rc8 24.a4 h6 25.Nd4 Bb4 26.Rc1 Rxc1+ 27.Bxc1 Nc3 28.Bd2 Ne2+ 29.Nxe2 Bxd2
30.Nd4 e5 31.Nc6 f6 32.Kf1 Kf8 33.Ke2 Bc1 34.g3 Ba3 35.Kd3 Bd6  1-0

[Event "17th Voronezh Master Open"]
[Site "Voronezh RUS"]
[Date "2013.06.20"]
[Round "8.5"]
[White "Tarlev,K"]
[Black "Maiorov,N1"]
[Result "1-0"]
[WhiteElo "2547"]
[BlackElo "2529"]

1.d4 Nf6 2.c4 e6 3.Nf3 b6 4.a3 Ba6 5.Qc2 Bb7 6.Bg5 c5 7.d5 exd5 8.cxd5 Be7
9.Nc3 Nxd5 10.Qe4 Nxc3 11.Qxb7 Nc6 12.Bxe7 Kxe7 13.bxc3 Rb8 14.Qa6 b5 15.a4 Rb6
16.axb5 Rxa6 17.Rxa6 Nb8 18.Rxa7 Qb6 19.Ra2 Qxb5 20.Nd2 Qc6 21.e3 Qf6 22.Ra3 Qg6
23.g3 Qc2 24.Ke2 c4 25.Bg2 Qd3+ 26.Kd1 Nc6 27.Be4 Qd6 28.Ra2 Qe6 29.Ke2 d5
30.Bf3 Rd8 31.Rha1 g5 32.Kf1 g4 33.Bg2 Ne5 34.Kg1 Rd6 35.Ra5 Nd3 36.Rf1 Rd7
37.Nb1 Ne5 38.Nd2 h5 39.Nb1 Nf3+ 40.Bxf3 gxf3 41.Nd2 Qf6 42.Rb5 h4 43.Rc5 Rd6
44.Rc1 Kf8 45.Rc8+ Kg7 46.Rc5 Rd8 47.Nf1  1-0

[Event "8th Teplice Open 2013"]
[Site "Teplice CZE"]
[Date "2013.06.22"]
[Round "8.36"]
[White "Vales,V"]
[Black "Chmelik,J"]
[Result "1/2-1/2"]
[WhiteElo "2176"]
[BlackElo "2001"]

1.d4 Nf6 2.Nf3 e6 3.c4 b6 4.a3 Bb7 5.Nc3 d5 6.cxd5 Nxd5 7.Qc2 Nxc3 8.bxc3 Be7
9.e4 O-O 10.Bd3 Nd7 11.O-O h6 12.Bb2 c5 13.Rad1 Qc8 14.Qe2 Re8 15.Rfe1 Qc7
16.Bb5 Bc6 17.Bc4 Bf8 18.Qf1 Bb7 19.Bb5 Bc6 20.Bc4 Bb7 21.Nd2 Red8 22.f4 cxd4
23.cxd4 Nf6 24.Rc1 Qe7 25.Bd3 Rac8 26.Rcd1 Qd7 27.Nf3 Qa4 28.Qe2 Qa5 29.Ne5 Bxa3
30.Ra1 Bxb2 31.Qxb2 Qc3 32.Qxc3 Rxc3 33.Rxa7 Rxd3 34.Nxd3 Bxe4 35.Nf2 Bd5
36.Rb1 Rc8 37.Raa1 Rc2 38.Rc1 Rd2 39.Kf1 Rxd4 40.g3 b5 41.Rd1 Rb4 42.Rdb1 Rd4
43.Ke2 Ne4 44.Nxe4 Rxe4+ 45.Kd2 Bc4 46.Re1 Rd4+ 47.Kc2 Rd3 48.Red1 Rf3 49.Rd8+ Kh7
50.Rb1 h5 51.Rd2 h4 52.Rg1 g6 53.Rgg2 hxg3 54.hxg3 Bd5 55.Rdf2 Ra3 56.Rh2+ Kg7
57.g4 b4 58.Kb1 Be4+ 59.Kb2 Bd5  1/2-1/2

[Event "III Marcel Duchamp Boca Jun Op"]
[Site "Buenos Aires ARG"]
[Date "2013.06.23"]
[Round "3.15"]
[White "Calderon Fernandez,G"]
[Black "Vazquez,M"]
[Result "1-0"]
[WhiteElo "2331"]
[BlackElo "2170"]

1.d4 Nf6 2.c4 e6 3.Nf3 b6 4.a3 Bb7 5.Nc3 Be7 6.d5 d6 7.g3 e5 8.Bg2 O-O 9.O-O Nbd7
10.b4 Ne8 11.e4 g6 12.Ne1 f5 13.Nd3 fxe4 14.Nxe4 b5 15.cxb5 Bxd5 16.Nxe5 Nb6
17.Ng4 Be6 18.Bb2 h5 19.Ne3 Rb8 20.f4 Qd7 21.f5 gxf5 22.Qxh5 Ng7 23.Qg6 Rf7
24.Ng4 Rbf8 25.Nh6+ Kh8 26.Qh5 Kh7 27.Ng5+ Bxg5 28.Qxg5 Qe7 29.Nxf7 Rxf7
30.Qxe7 Rxe7 31.Rae1 Kg6 32.Bh3 Nc4 33.Bxg7 Kxg7 34.Bxf5 Ne5 35.Bxe6 Rxe6
36.Rc1 Re7 37.Rc3 d5 38.Rfc1 Kf6 39.Rxc7 Re8 40.R1c6+ Kf5 41.Rd6 Nf3+ 42.Kg2 Ke4
43.Rxd5  1-0

[Event "66th ch-RUS HL"]
[Site "Yekaterinburg RUS"]
[Date "2013.06.24"]
[Round "5.16"]
[White "Airapetian,G"]
[Black "Lysyj,I"]
[Result "0-1"]
[WhiteElo "2448"]
[BlackElo "2656"]

1.d4 Nf6 2.c4 e6 3.Nf3 b6 4.a3 Bb7 5.Nc3 d5 6.cxd5 Nxd5 7.Qc2 Nxc3 8.bxc3 c5
9.e4 Nd7 10.Bf4 cxd4 11.cxd4 Rc8 12.Qb1 Be7 13.Bd3 e5 14.dxe5 Nc5 15.Bb5+ Kf8
16.O-O Bxe4 17.Qa2 Bd5 18.Qe2 a6 19.Bc4 Ne6 20.Bxd5 Nxf4 21.Qxa6 Nxd5 22.Rfd1 Rc5
23.Rac1 Rxc1 24.Rxc1 Nc7 25.Qxb6 Ne6 26.Qb7 Nc5 27.Qa7 g6 28.h4 Ne6 29.Rb1 Bc5
30.Qa4 Kg7 31.Rb7 Qd5 32.Rd7 Ra8  0-1

[Event "9th Prague Festival Open A"]
[Site "Prague CZE"]
[Date "2013.06.26"]
[Round "5.7"]
[White "Stigar,P"]
[Black "Trapl,D"]
[Result "1/2-1/2"]
[WhiteElo "2255"]
[BlackElo "2176"]

1.d4 Nf6 2.Nf3 e6 3.c4 b6 4.a3 Ba6 5.Qc2 d5 6.cxd5 exd5 7.g3 Bd6 8.Bg2 O-O
9.O-O Re8 10.Nc3 c6 11.Rd1 Nbd7 12.Bg5 Qc7 13.Bxf6 Nxf6 14.Rac1 Rac8 15.e3 Qd7
16.Qa4 Bc4 17.Nd2  1/2-1/2